The return of sacred architecture : (Record no. 24615)

000 -LEADER
fixed length control field 01819cam a2200349 a 4500
001 - CONTROL NUMBER
control field 14505284
005 - DATE AND TIME OF LATEST TRANSACTION
control field 20170130081703.0
008 - FIXED-LENGTH DATA ELEMENTS--GENERAL INFORMATION
fixed length control field 060818s2007 vtua b 001 0 eng
010 ## - LIBRARY OF CONGRESS CONTROL NUMBER
LC control number 2006027438
020 ## - INTERNATIONAL STANDARD BOOK NUMBER
International Standard Book Number 9781594771323 (pbk.)
020 ## - INTERNATIONAL STANDARD BOOK NUMBER
International Standard Book Number 1594771324 (pbk.)
035 ## - SYSTEM CONTROL NUMBER
System control number (OCoLC)ocm71173725
035 ## - SYSTEM CONTROL NUMBER
System control number (OCoLC)71173725
042 ## - AUTHENTICATION CODE
Authentication code lcac
050 00 - LIBRARY OF CONGRESS CALL NUMBER
Classification number NA680 .B24 2007
100 1# - MAIN ENTRY--PERSONAL NAME
Personal name Bangs, Herbert,
Dates associated with a name 1927-
245 14 - TITLE STATEMENT
Title The return of sacred architecture :
Remainder of title the golden ratio and the end of modernism /
Statement of responsibility, etc. Herbert Bangs.
260 ## - PUBLICATION, DISTRIBUTION, ETC. (IMPRINT)
Place of publication, distribution, etc. Rochester, Vt. :
Name of publisher, distributor, etc. Inner Traditions,
Date of publication, distribution, etc. c2007.
300 ## - PHYSICAL DESCRIPTION
Extent xv, 224 p. :
Other physical details ill. ;
Dimensions 26 cm.
504 ## - BIBLIOGRAPHY, ETC. NOTE
Bibliography, etc Includes bibliographical references (p. 214-217) and index.
520 ## - SUMMARY, ETC.
Summary, etc. "An inspirational call for a return to the tenets of traditional architecture as a remedy for the dehumanizing standards of modern architecture"--Provided by publisher.
650 #0 - SUBJECT ADDED ENTRY--TOPICAL TERM
Topical term or geographic name as entry element Architecture, Modern
Chronological subdivision 20th century
General subdivision Philosophy.
856 41 - ELECTRONIC LOCATION AND ACCESS
Materials specified Table of contents only
Uniform Resource Identifier <a href="http://www.loc.gov/catdir/toc/ecip0619/2006027438.html">http://www.loc.gov/catdir/toc/ecip0619/2006027438.html</a>
856 42 - ELECTRONIC LOCATION AND ACCESS
Materials specified Contributor biographical information
Uniform Resource Identifier <a href="http://www.loc.gov/catdir/enhancements/fy0665/2006027438-b.html">http://www.loc.gov/catdir/enhancements/fy0665/2006027438-b.html</a>
856 42 - ELECTRONIC LOCATION AND ACCESS
Materials specified Publisher description
Uniform Resource Identifier <a href="http://www.loc.gov/catdir/enhancements/fy0665/2006027438-d.html">http://www.loc.gov/catdir/enhancements/fy0665/2006027438-d.html</a>
856 41 - ELECTRONIC LOCATION AND ACCESS
Materials specified Sample text
Uniform Resource Identifier <a href="http://www.loc.gov/catdir/enhancements/fy0665/2006027438-s.html">http://www.loc.gov/catdir/enhancements/fy0665/2006027438-s.html</a>
942 ## - ADDED ENTRY ELEMENTS (KOHA)
Source of classification or shelving scheme
Koha item type Hard Covered Materials
Holdings
Withdrawn status Lost status Source of classification or shelving scheme Damaged status Not for loan Home library Current library Shelving location Date acquired Source of acquisition Total Checkouts Full call number Barcode Date last seen Price effective from Koha item type
          MACHAKOS UNIVERSITY LIBRARY MACHAKOS UNIVERSITY LIBRARY Technical section 30/01/2017 Donation(BFA)   NA680 .B24 2007 32149 31/05/2018 30/01/2017 Hard Covered Materials
© Machakos University Library, Along The Highway, Machakos Wote Rd, Machakos, Kenya P.O. Box 136 - 90100 Machakos - Kenya

Tel: ( +254 ) 723 805829 OR Fax : 044-20353 OR Email: library@mksu.ac.ke